000 00867nam a2200253Ia 4500
003 OSt
005 20220923213735.0
006 a|||||r|||| 00| 0
007 ta
008 220922b |||||||| |||| 00| 0 hin d
024 _a164,285
037 _cTextual
040 _aARTS
_cARTS
_bhin
041 _2hin
_ahin
082 _aO152,1M89,18:g, L3
100 _aटोपा, विद्या
_9156291
245 0 _aभारतीय महाकाव्यों की परम्परा में कामायनी
246 _aBhāratīya hinākāvyoan kī paramparā mean kāmāyanī
260 _aदिल्ली
_c1973
300 _a382पृ.
_ccm.
650 _aहिन्दी साहित्य
_9156264
942 _hO152,1M89,18:g, L3
_cTEXL
_2CC
999 _c318765
_d318765